| 000 | 01094cam a22002175a 4500 | ||
|---|---|---|---|
| 001 | L138022 | ||
| 008 | 070511s2007 xxk f 001 0 eng d | ||
| 020 | _a9781851128747 | ||
| 035 | _a(Sirsi) u138022 | ||
| 041 | 0 | _aeng | |
| 050 | 0 | 4 | _a692.21 |
| 110 | 1 |
_aUnited Kingdom _bDepartment for Communities and Local Government _94939 |
|
| 245 | 0 | 0 |
_aFire safety _brisk assessment _bsupplementary guide _bmeans of escape for disabled people |
| 260 |
_aLondon _bDCLG _c2007 |
||
| 300 |
_a53p. _c30cm. |
||
| 350 | _a5.00 | ||
| 520 | _aProvides guidance on how organisations can ensure the safe evacuation of disabled people from their premises in cases of emergency. Stresses the need for both planning and communication. Advocates the formulation of Personal Emergency Escape Plans (PEEPs) for disabled staff and visitors. Deals with procedures for a variety of disabilities including mobility impairment, visual impairments, hearing impairments and cognitive disabilities. | ||
| 651 | 4 |
_aUnited Kingdom _y |
|
| 690 | _aMANAGEMENT-HEALTH AND SAFETY-FIRE SAFETY-FIRE RISK ASSESSMENT | ||
| 942 | _n0 | ||
| 999 |
_c106974 _d106974 |
||